[Event "Tata Steel-B 74th"]
[Site "Wijk aan Zee"]
[Date "2012.01.17"]
[Round "4"]
[White "Motylev, Alexander"]
[Black "Tiviakov, Sergei"]
[Result "1-0"]
[WhiteElo "2677"]
[BlackElo "2677"]
[Annotator "Motylev,A"]
[PlyCount "73"]
[EventDate "2012.01.14"]
[EventType "tourn"]
[EventRounds "13"]
[EventCountry "NED"]
[EventCategory "15"]
[SourceTitle "CBM 147"]
[Source "ChessBase"]
[SourceDate "2012.03.16"]
[SourceVersion "1"]
[SourceVersionDate "2012.03.16"]
[SourceQuality "1"]

{I must point out that this game was first annotated (very thoroughly) by
Dmitry Kryakvin on russiachess.org} 1. e4 d5 2. exd5 Qxd5 3. Nc3 Qd6 {Sergey
Tiviakov is the main expert on this line in the Scandinavian Defence.} 4. d4
Nf6 5. Nf3 g6 $1 {I was more expectingthe 5...c6 variation. The 5...g6 line is
one I've sometimes played with Black too and I remember that I even
recommended this system to Sergey while we were playing for the "Tomsk" team
during the European Club Cup 2009 in Ohrid.} 6. Nb5 $5 {The most principled
continuation.} Qd8 $5 {A more popular move is 6...Qb6.} 7. c4 Bg7 8. h3 $6 {
This is unnecessary prophylaxis.} ({It was better to play a normal developing
like for example} 8. Bf4 Na6 9. Be2 O-O 10. O-O) 8... O-O 9. Be2 ({I refrained
from} 9. Bf4 Na6 10. Be2 {because I didn't like} c5 $5 {here.}) 9... c5 $1 {
Anyway! Here I understood that the "first move advantage" has most likely
already disappeared.} 10. d5 (10. dxc5 {didn't promise anthing:} Qxd1+ 11. Bxd1
Na6 12. Be3 Nd7 $1 (12... Ne4 $6 13. Bc2 Nexc5 14. O-O-O)) 10... a6 ({It looks
like the best was} 10... Ne4 $1 {and White can choose between the quiet} 11.
Nd2 ({and the sharp} 11. O-O a6 12. Nc3 Nxc3 13. bxc3 Bxc3 14. Rb1) 11... Nxd2
(11... Nd6 12. Nc3 e6 $5) 12. Qxd2 a6 13. Nc3 e6 {where in both cases the
objective evalution is close to equal.}) 11. Nc3 b5 $5 {Playing in "Volga
Gambit" style.} ({I was expecting} 11... e6 {and wanted to play} 12. a4 {
and thought that I can claim the advantage, if I don't lose my d5-pawn in the
next three moves.}) 12. O-O $1 ({In the event of} 12. cxb5 $2 axb5 ({or even} 
12... Bb7) 13. Bxb5 Bb7 14. Bc4 Nbd7 {Black is already slightly better.}) 12...
Nbd7 $6 ({White is clearly better after} 12... b4 13. Na4) ({A better option
was} 12... bxc4 {after which White can only lay claim to a slight plus} 13.
Bxc4 (13. Bf4 $5 Nbd7 14. Ne5 Nb6 15. d6 $5 exd6 16. Nc6 Qd7 17. Qxd6) 13...
Nbd7 14. Na4 $5) 13. cxb5 $1 {Now forcing play is starting, and with a series
of strong moves White is setting Black real problems.} Nb6 $8 14. Ne5 $1 Nfxd5
$8 15. Nxd5 Bxe5 ({In the event of} 15... Qxd5 16. Nc6 Bf6 17. Bh6 Re8 18. a4
$14 {White has a very comfortable position. And} Bxb2 $2 {doesn't work because
of} 19. a5 $1 $18) 16. Nxb6 Qxb6 17. Qd5 $1 Qb8 $1 ({The engines vote for} 
17... Bd4 {but after} 18. Qxa8 Bb7 19. Qxf8+ Kxf8 20. bxa6 Bxa6 21. Bxa6 Qxa6
22. a4 {White has a big advantage (the a-pawn is too strong).}) 18. b6 $1 ({
White doesn't achieve anything in the event of} 18. Qxc5 axb5) {Now the fate
of the game is closely connected with the fate of this pawn.} 18... Bb7 19.
Qxc5 Rc8 $1 20. Qa3 $1 {Defending b2 and being ready to defend the b6-pawn
with Be3.} (20. Qxe7 $4 Re8) (20. Qb4 $6 a5) (20. Qe3 $6 Rc6 $5 {and soon the
pawn on b6 will fall.}) 20... Bd5 $1 (20... a5 21. Be3 Rc2 22. Bf3 Bxf3 23.
gxf3 Qb7 24. f4 $16) 21. Rd1 $6 {A very tempting move but probably a mistake!}
({White could keep the advantage by playing simply} 21. Be3 $1 Qb7 (21... Bh2+
22. Kh1 Bd6 23. Qd3 Qb7 24. Rg1 $1 Be4 25. Qd1 Bc5 26. Bxc5 Rxc5 27. Qd4 Rac8
28. a4 e5 29. Qe3 a5 30. Rad1 $16) 22. f3 Rc2 23. Qd3 Rxb2 24. Rfb1 $1 $16)
21... e6 ({I was very pleased to find the trap} 21... Qb7 $2 22. Qe3 $1 $18 ({
but not the immediate} 22. Rxd5 Qxd5 23. Bf3 {because of} Qc4 $1) {and with
the next move White will take on d5, play Bf3 and b6-b7 (fork!), winning - for
example} 22... Bd6 23. Rxd5 Qxd5 24. Bf3) ({And for} 21... Bd6 {I have also
found a good reply -} 22. Qa5 $1 Rc5 ({in the event of} 22... e6 {White can
even sacrifice an exchange immediately} 23. Rxd5 exd5 24. Be3 Rc2 25. Bf3 {
with a decisive advantage}) 23. Qe1 $1 {and} Qxb6 {doesn't work because of} 24.
Be3) ({But while Tiviakov was reflecting on his move I was trying to find a
decent objection to the strong intermediate check} 21... Bh2+ $1 {making the
position of White's king vulnerable. My vain attempts were interrupted when
Sergey executed the move 21...e6. After 21...Bh2+! most likely the advatage
has gone.} 22. Kh1 (22. Kf1 Bd6 23. Qa5 Rc5 24. Qe1 Qxb6 25. b4 Rxc1 26. Raxc1
Qb7 $1 (26... Bxb4 $2 27. Rb1) 27. Rxd5 Qxd5 28. a3 {is almost a draw}) 22...
Bd6 23. Qa5 (23. Qd3 Bc4 24. Qe4 Bxe2 25. Rxd6 exd6 26. b7 Re8 27. bxa8=Q Qxa8
28. Qxa8 (28. Qd4 Bf3 $1 29. gxf3 Qxf3+ 30. Kh2 Re1 31. Bh6 Qh1+ 32. Kg3 Qg1+
33. Kf3 Qh1+ 34. Kg3 $11) 28... Rxa8 29. Be3 Rc8 $11) 23... Rc5 24. Qe1 Qxb6
25. b4 Rxc1 26. Raxc1 Bxb4 27. Qf1 (27. Rb1 Qe6 $1 28. Qf1 Bd6 {and Black is
fine}) 27... Bxa2 28. Ra1 (28. Bf3 Rb8 29. Ra1 Qe6) 28... Bb3 29. Rdb1 Bc2 30.
Rc1 (30. Rb2 $5 Be4 31. f3 Bc6 32. Bxa6 Qd4 33. Rc2 Bd5 34. Rd1 Qe5 35. Bc4
Bxc4 36. Rxc4 Bd6 37. f4 Qf6 {is almost equal}) 30... Be4 31. Rxa6 Rxa6 32.
Bxa6 Bd6 {is slightly better for White but Black should be able to make a draw
without problems.}) 22. Be3 $1 {White keeps the b6-pawn and the big advantage.}
Rc2 23. Bf3 $1 Bxb2 ({The position after} 23... Bxf3 24. gxf3 Qb7 25. Qd3 Rxb2
26. Qe4 $1 {probably is just winning for White.}) 24. Qa4 $1 ({The computer
also proposes the very tricky} 24. Qd3 Rc3 25. Qb1 {(with the idea} Bxa1 $2 {
26.Bxd5 exd5 26.b7+- )} ({but still the queen sacrifice is not only more
spectacular but also more effective, because after} 25... Rxe3 26. Bxd5 exd5
27. Qxb2 Re6 28. Rab1 Qd8 $5 {the outcome is still not clear.})) 24... Rc4 25.
Qxc4 $1 Bxc4 26. Rab1 $1 ({The hasty} 26. b7 $2 {could have lost a big part of
the advantage} Bd5 $1 27. bxa8=Q Qxa8 28. Bxd5 exd5 29. Rab1 Bf6 $14) 26... Be5
(26... Bd5 27. Bxd5 exd5 28. Rxb2 {The queen is helpless here} d4 (28... Qb7
29. Rc1 Re8 30. Rc7 Qb8 31. Bf4 $18) 29. Bxd4 Qb7 30. Rc1 Rd8 31. Rc7 Qe4 32.
b7 $18 {I was pleased to be able tocalculate this line till the end (but, of
course, it was not necessary to do so)}) 27. b7 $1 Bd5 (27... Ra7 28. Rdc1 Rxb7
29. Rxb7 Qc8 30. Rb4 $18) 28. Bxd5 exd5 29. Rxd5 Bc7 30. Rd7 Be5 {Here are
many ways to win. I take the most human decision.} 31. bxa8=Q Qxa8 32. Bh6 $1
Qe8 (32... Qc8 33. Rbd1 Bf6 34. R7d3 {and both rooks transfer to the e-file.})
33. Rbd1 Bf6 34. R7d6 $1 Be7 35. Re1 a5 36. Rb6 Qd8 37. Rxe7 $1 {I really
liked this game very much. It also brought to me 250 euros - the daily prize
from Ivan Sokolov.} 1-0

[Event "Olympiad-35"]
[Site "Bled"]
[Date "2002.11.06"]
[Round "11.1"]
[White "Movsesian, Sergei"]
[Black "Papaioannou, Ioannis"]
[Result "1-0"]
[WhiteElo "2651"]
[BlackElo "2587"]
[Annotator "Movsesian,S"]
[PlyCount "63"]
[EventDate "2002.10.26"]
[EventType "team-swiss"]
[EventRounds "14"]
[EventCountry "SLO"]
[SourceTitle "EXT 2003"]
[Source "ChessBase"]
[SourceDate "2002.11.25"]
[SourceVersion "1"]
[SourceVersionDate "2002.11.25"]
[SourceQuality "1"]
[WhiteTeam "Slovakia"]
[BlackTeam "Greece"]
[WhiteTeamCountry "SVK"]
[BlackTeamCountry "GRE"]

1. e4 d5 2. exd5 Qxd5 3. Nf3 Bg4 4. Be2 Nc6 5. d4 O-O-O 6. Be3 e5 7. c4 Qa5+ 8.
Bd2 Bb4 9. d5 Bxf3 10. Bxf3 Nd4 11. Nc3 Qc5 12. Be2 Nf6 13. O-O c6 {All this
was recommended by GM Wahls, so my opponent played rather quickly...} (13...
Bxc3 14. bxc3 Nxe2+ 15. Qxe2 Rhe8 16. Rfb1 $40) {...but after} 14. Bg5 $1 $16 {
started to think} (14. dxc6 Nxc6) (14. a3 Bxc3 15. bxc3 Nf5 16. Qc2 e4 17. dxc6
Qxc6) (14. Rc1 Kb8 15. a3 Bxc3 16. bxc3 Nxe2+ 17. Qxe2 Rhe8 18. Be3 Qd6 19.
dxc6 Qxc6 {Wahls}) 14... Qa5 15. Bg4+ Kb8 16. Rc1 ({Interesting was} 16. f4 $5
{but I was afraid of} e4 17. Bxf6 gxf6 18. Nxe4 Qb6 {after the game we found}
19. Nxf6 $1 Nc2+ 20. Kh1 Ne3 21. Qb3 Nxf1 22. Rxf1 $16) 16... h5 17. Bh3 Ne6
18. Qe2 $1 Nxg5 19. Qxe5+ Qc7 20. Qxg5 Bxc3 21. bxc3 cxd5 22. Qxg7 Ng4 23. g3
dxc4 {Black is forced to take on c4 with a pawn, as f7 pawn was hanging.Now
white bishop moves to the big diagonal with the decisive effect.} 24. Rb1 Ne5
25. Bg2 $18 Nc6 26. Qf6 Rc8 27. Rb5 Rhe8 28. Rfb1 b6 29. h4 Re6 30. Qf3 Qe7 31.
Rxh5 Rf6 32. Rf5 1-0

[Event "Athens Acropolis"]
[Site "Athens"]
[Date "2003.09.01"]
[Round "8"]
[White "Vouldis, Angelos"]
[Black "Kotronias, Vasilios"]
[Result "1/2-1/2"]
[WhiteElo "2539"]
[BlackElo "2602"]
[Annotator "Mueller,Karsten"]
[PlyCount "58"]
[EventDate "2003.08.25"]
[EventType "tourn"]
[EventRounds "9"]
[EventCountry "GRE"]
[EventCategory "12"]
[SourceTitle "CBM 097"]
[Source "ChessBase"]
[SourceDate "2003.11.11"]
[SourceVersion "1"]
[SourceVersionDate "2003.11.11"]
[SourceQuality "1"]

1. e4 d5 2. exd5 Qxd5 3. Nc3 Qa5 4. d4 Nf6 5. Bd2 c6 6. Bc4 Bf5 7. Nd5 Qd8 8.
Nxf6+ gxf6 9. Qf3 e6 10. Ne2 (10. c3 Rg8 11. Ne2 (11. h3 Bg6 12. Ne2 Nd7 13.
Bb3 Qc7 14. O-O-O O-O-O 15. Nf4 Qa5 16. Nxg6 hxg6 17. h4 Rh8 18. Kb1 Bh6 19. g4
Bxd2 20. Rxd2 f5 $11 {0-1 Neumann,A-Knop,H/GER 1999/EXT 2002 (47)}) 11... Qb6
12. O-O Nd7 13. Rfe1 Bd6 14. Ng3 Bg4 15. Qe3 O-O-O 16. Ne4 Bb8 $132 {1/2-1/2
Friedrich,U-Beck,G/Wuerzburg 1987/EXT 97 (90). (89)}) 10... Nd7 ({Die Annahme
des Bauernopfers mit} 10... Bxc2 {ist riskant aber vielleicht spielbar, z.B.}
11. O-O Nd7 12. Nf4 Nb6 13. Bxe6 fxe6 14. Nxe6 Qd6 15. Qxf6 Rg8 16. Nc7+ Qxc7
17. Qe6+ Kd8 18. Qxg8 Qg7 19. Qe6 Qg6 $1 {Weitere praktische Tests werden
sicher mehr Aufschluss geben.}) 11. O-O-O Rg8 12. h3 Nb6 13. Bb3 a5 14. a3 a4
15. Ba2 Nd5 16. c4 (16. Ng3 Bg6 17. h4 {kam stark in Frage.}) 16... Ne7 17. d5
$2 {viel zu überstürzt.} (17. g4 $1 Bg6 18. h4 h5 19. gxh5 Bh7 20. Bb1 $14)
17... cxd5 18. cxd5 ({Eventuell kam} 18. Nc3 Nc6 19. cxd5 Ne5 20. dxe6 fxe6 21.
Qxf5 exf5 22. Bxg8 $13 {in Frage.}) 18... Nxd5 19. Bxd5 Qxd5 20. Qxd5 exd5 21.
g4 Be4 22. Rhe1 Rc8+ 23. Bc3 $6 (23. Nc3 Kd7 24. Bf4 f5 25. Rxe4 fxe4 26. Rxd5+
Kc6 27. Rf5 $15) 23... h5 $2 (23... f5 $1 24. gxf5 Bh6+ 25. f4 Rg2 26. Rd4 b5
27. Rb4 Rc5 28. Kd1 Kd7 $17) 24. Nf4 $1 Bh6 25. Rxd5 Bxf4+ (25... Rc4 $6 26.
Kd1 Bxf4 27. Rd4 $14) 26. Kd1 f5 27. gxf5 Rg1 $5 28. Rd4 $1 Rxe1+ 29. Kxe1 Bxf5
1/2-1/2

[Event "Lee Cup 4th"]
[Site "Beijing"]
[Date "1997.09.04"]
[Round "11"]
[White "Peng, Xiaomin"]
[Black "Simonovic, Aleksandar"]
[Result "1-0"]
[WhiteElo "2530"]
[BlackElo "2420"]
[Annotator "Mueller,Karsten"]
[PlyCount "61"]
[EventDate "1997.08.23"]
[EventType "swiss"]
[EventRounds "11"]
[EventCountry "CHN"]
[SourceTitle "CBM 061"]
[Source "ChessBase"]
[SourceDate "1997.11.23"]
[SourceVersion "1"]
[SourceVersionDate "1997.11.23"]
[SourceQuality "1"]

1. e4 d5 2. exd5 Nf6 3. Nf3 Nxd5 4. d4 g6 5. Be2 Bg7 6. O-O O-O 7. Re1 c5 8.
dxc5 Na6 9. Bxa6 bxa6 {das Läuferpaar und die Linien am Damenflügel bilden
eine gewisse Kompensation für die geschwächte Bauernstruktur am Damenflügel}
10. c3 Bb7 (10... Rb8 11. Na3 e6 12. Qa4 Qc7 13. Qc4 Rd8 14. Nc2 Rb5 15. c6 Rb6
16. Qh4 Rxc6 17. Bh6 $14 {Peptan,C-Lakos,N/EU-chTW 1997/EXP 57/1-0 (40)}) 11.
Nbd2 (11. Nd4 Qc7 12. c6 Bc8 13. Qf3 Rd8 14. Nd2 $6 (14. Bg5 $5) 14... e5 15.
Nc2 Qxc6 16. c4 Ne7 $15 {0-1 Lobron,E-Stefansson,H/Moscow GMA-op 1989/TD 89\02
(32)}) 11... Nf4 12. Nb3 Nd3 13. Re3 Nxc5 $2 (13... Ne5 14. Nfd4 $14) 14. Qxd8
$18 Rfxd8 15. Nxc5 Bxf3 (15... Rd1+ 16. Ne1 (16. Re1 Bxf3 17. Rxd1 Bxd1 18. Bg5
$16) 16... Bh6 17. Re2 Bd5 18. Bxh6 Rxa1 19. Rxe7 $18) 16. gxf3 Rd1+ 17. Kg2
Bh6 18. Rxe7 Rxc1 (18... Bxc1 19. Nb3 Bg5 20. Rxa7 Rxa7 21. Rxd1 $18) 19. Rxc1
Bxc1 20. Rb7 Rd8 21. Ne4 Ra8 22. b4 Bf4 23. c4 Rb8 24. Rxb8+ Bxb8 25. Nc5 a5
26. b5 f5 27. Ne6 Be5 28. c5 Kf7 29. Nd8+ Ke8 30. Nc6 Bc3 31. b6 1-0

[Event "Petrov Memorial op"]
[Site "St Petersburg"]
[Date "2000.02.13"]
[Round "6"]
[White "Frolov, Denis"]
[Black "Rodin, Dmitrij"]
[Result "1-0"]
[WhiteElo "2428"]
[BlackElo "2343"]
[Annotator "Mueller,Karsten"]
[PlyCount "71"]
[EventDate "2000.02.05"]
[EventType "swiss"]
[EventRounds "9"]
[EventCountry "RUS"]
[SourceTitle "CBM 076"]
[Source "ChessBase"]
[SourceDate "2000.05.31"]
[SourceVersion "1"]
[SourceVersionDate "2000.05.31"]
[SourceQuality "1"]

1. e4 d5 2. exd5 Nf6 3. d4 Bg4 4. Be2 Bxe2 5. Qxe2 Qxd5 6. Nf3 e6 7. O-O Bd6 8.
c4 Qh5 9. Nc3 Nc6 10. Be3 g5 11. g3 $1 g4 $6 (11... Ng4 12. b4 Bxb4 13. Qb2 $13
{1-0 Wedberg,T-Hodgson,J/Harplinge 1998/CBM 67/[Wedberg] (27)}) 12. Nh4 O-O-O
13. Rfd1 e5 $2 (13... Kb8 {war genauer auch wenn ich die weißen Chancen
trotzdem höher einschätze.}) 14. d5 $16 Nd4 15. Bxd4 exd4 16. Nb5 Rhe8 17. Qd3
Ne4 $6 18. Nxa7+ $18 Kb8 19. Nc6+ bxc6 20. Qb3+ Ka7 21. dxc6 Rb8 (21... Nc5 $6
22. Qb5 Rb8 (22... Qe5 23. Rd3 $18) 23. Qa5+ Na6 24. Qxh5 $18) 22. Qa4+ Kb6 23.
b4 Qe5 (23... Nc3 24. c5+ Bxc5 25. bxc5+ Qxc5 26. Rab1+ Nb5 27. Rdc1 Qd5 28.
Qb4 {[%cal Ga2a4]} Ka6 29. Rc5 $18) 24. Rxd4 Nc3 (24... Qxd4 $2 25. Qb5+ Ka7
26. Qa5#) 25. c5+ Bxc5 26. bxc5+ Qxc5 27. Rb4+ Nb5 28. Rab1 Re5 (28... Kxc6 29.
Rc4 $18) 29. Rxb5+ Qxb5 30. Rxb5+ Rxb5 31. Qxg4 Kxc6 32. Qe4+ Kb6 33. Qxh7 Ra8
34. Qxf7 Rba5 35. Ng6 Rxa2 36. h4 1-0

[Event "RUS-chT 09th Group2"]
[Site "Ekaterinburg"]
[Date "2002.05.17"]
[Round "1"]
[White "Kurochkin, Victor"]
[Black "Nureev, Garun"]
[Result "1-0"]
[WhiteElo "2415"]
[BlackElo "2457"]
[Annotator "Mueller,Karsten"]
[PlyCount "79"]
[EventDate "2002.05.17"]
[EventType "team-tourn"]
[EventRounds "7"]
[EventCountry "RUS"]
[SourceTitle "CBM 090"]
[Source "ChessBase"]
[SourceDate "2002.09.20"]
[SourceVersion "1"]
[SourceVersionDate "2002.09.20"]
[SourceQuality "1"]
[WhiteTeam "Khabarovsk Lokomotiv"]
[BlackTeam "Satka Magnezit"]
[WhiteTeamCountry "RUS"]
[BlackTeamCountry "RUS"]

1. e4 d5 2. exd5 Nf6 3. d4 Nxd5 4. Nf3 g6 5. Be2 Bg7 6. O-O O-O 7. h3 Nc6 8. c4
Nb6 9. Be3 e5 10. d5 Ne7 11. Nc3 Nf5 12. Bg5 f6 13. Bc1 c5 14. dxc6 bxc6 15. c5
Nd5 16. Bc4 (16. Nxd5 $6 cxd5 17. b4 Be6 18. a4 Qc7 19. Rb1 Rfd8 (19... a5 $5)
20. g4 $6 Ne7 21. Ba3 d4 22. Nd2 Nd5 23. Bc4 f5 24. b5 Rab8 25. Qb3 Kh8 26. Bb4
e4 27. a5 e3 28. gxf5 gxf5 29. f4 exd2 30. b6 axb6 31. cxb6 Qf7 32. Bxd2 Ne3 {
0-1 Cisneros,L-Rodriguez,O/Alicante 1989/EXT 89op (32)}) 16... Nfe7 17. Qa4 Be6
18. Rd1 Qd7 (18... Kh8 19. Ne4 f5 20. Nd6 h6 $6 (20... Qc7 21. Ng5 Bg8 $132)
21. Qa3 Qb8 22. b4 Nc8 23. Nxc8 Rxc8 24. Bb2 Bg8 25. b5 $14 {1-0 Arboleda,
J-Juarez Flores,C/Medellin 1987/EXT 87 (36)}) 19. Ne4 Kh8 20. Bd2 (20. b4 Qc7
21. Bd2 Rfd8 $132) 20... f5 21. Neg5 (21. Nd6 e4 22. Ng5 Bg8 $132) 21... e4 $6
(21... Bg8 {im Karpowschen Stil gefällt mir wesentlich besser, z.B.} 22. Bc3
Qc7 23. Ba5 Qb7 $132) 22. Nxe6 Qxe6 23. Bxd5 Nxd5 24. Nd4 Qf6 (24... Bxd4 $5
25. Qxd4+ Kg8 $13) 25. Nxc6 Rae8 $2 (25... Rfc8 26. Nb4 Rxc5 27. Nxd5 Rxd5 28.
Bc3 Qd6 29. Rxd5 Qxd5 30. Rd1 Qc5 31. Bxg7+ Kxg7 32. b4 Qc3 $14) 26. Nb4 e3 $2
{[%mdl 8192]} (26... Nxb4 27. Bc3 Qe6 28. Qxb4 f4 $16) 27. Nxd5 $18 exf2+ 28.
Kxf2 Qxb2 29. Rab1 Qe5 30. Bf4 Qe2+ 31. Kg1 Re4 32. Qa3 Rfe8 33. c6 Rd4 34. Qb3
Qe4 35. Bg3 Rc8 36. c7 Rc4 37. Qf3 Qc2 38. Bf4 Bd4+ 39. Kh1 Rc5 40. Rb8 1-0

[Event "Petrov Memorial op"]
[Site "St Petersburg"]
[Date "2000.02.14"]
[Round "7"]
[White "Kabanov, Nikolai"]
[Black "Genba, Vladimir"]
[Result "0-1"]
[WhiteElo "2330"]
[BlackElo "2454"]
[Annotator "Mueller,Karsten"]
[PlyCount "37"]
[EventDate "2000.02.05"]
[EventType "swiss"]
[EventRounds "9"]
[EventCountry "RUS"]
[SourceTitle "CBM 076"]
[Source "ChessBase"]
[SourceDate "2000.05.31"]
[SourceVersion "1"]
[SourceVersionDate "2000.05.31"]
[SourceQuality "1"]

1. e4 d5 2. exd5 Nf6 3. d4 Bg4 4. Nf3 Qxd5 5. Be2 Nc6 6. h3 Bxf3 7. Bxf3 Qd7 8.
c3 e5 9. dxe5 $6 (9. O-O {1-0 Liss,E-Afek,Y/Herzliya 1998/EXT 99/[Mueller,
Karsten] (20)}) 9... Qxd1+ $11 10. Bxd1 Nxe5 11. O-O O-O-O 12. Bb3 $6 (12. Bc2
Nd3 $11) 12... Bc5 13. Nd2 Nd3 14. Nf3 $2 (14. Nc4 $8 $15) 14... Nxf2 $1 15.
Rxf2 (15. Nd4 Nd3 16. Bxf7 Bxd4+ 17. cxd4 Nxc1 18. Raxc1 Rxd4 $17) 15... Ne4
16. Nd4 (16. Bc2 $6 Bxf2+ 17. Kf1 f5 $19) 16... Rxd4 $1 17. Be3 $2 (17. cxd4
Bxd4 18. Bxf7 Nxf2 19. Kh2 Nd3 $17) 17... Rd1+ 18. Rxd1 Bxe3 19. Kf1 0-1

[Event "ISR-chT"]
[Site "Ramat Aviv"]
[Date "2000.03.24"]
[Round "7.2"]
[White "Zak, Uriel"]
[Black "Sutovsky, Emil"]
[Result "0-1"]
[WhiteElo "2341"]
[BlackElo "2597"]
[Annotator "Mueller,Karsten"]
[PlyCount "54"]
[EventDate "2000.01.14"]
[EventType "team"]
[EventRounds "11"]
[EventCountry "ISR"]
[SourceTitle "CBM 077"]
[Source "ChessBase"]
[SourceDate "2000.07.27"]
[SourceVersion "1"]
[SourceVersionDate "2000.07.27"]
[SourceQuality "1"]
[WhiteTeam "Maccabi Afek"]
[BlackTeam "Petah Tikva Elitzur"]
[WhiteTeamCountry "ISR"]
[BlackTeamCountry "ISR"]

1. e4 d5 2. exd5 Qxd5 3. Nc3 Qa5 4. d4 Nf6 5. Nf3 c6 6. Bc4 Bf5 7. Bd2 e6 8.
Qe2 Bb4 9. Ne5 Nbd7 10. Nxd7 Nxd7 11. a3 O-O-O 12. O-O Bxc3 13. Bxc3 Qc7 14. b4
Nf6 (14... Nb6 15. Bb3 Nd5 16. Bb2 Nf4 17. Qe3 Nd5 18. Qf3 g5 19. c4 g4 20. Qe2
Nf4 21. Qe3 $14 {1-0 Collas,D-Prie,E/Cappelle 1995/EXT 95op2 (54)}) 15. f3 (15.
Bb2 $5 {(M.Wahls in Modernes Skandinavisch)}) 15... h5 (15... Nd5 16. Bb2 Nf4
17. Qe3 Bxc2 18. Rfc1 Bf5 19. b5 Nd5 20. Bxd5 Rxd5 21. bxc6 bxc6 $132 {0-1
Vogt,L-Wahls,M/SWZ-ch 1994/EXP 43 (50)}) 16. a4 h4 (16... Nd5 {war auch an
dieser Stelle eine Überlegung wert.}) 17. b5 Nh5 18. Rfb1 Nf4 19. Qf1 Rh6 $5 {
Sutovsky führt seinen Turm ohne Zeitverlust in den Angriff und nimmt dabei
eine Öffnung am Damenflügel in Kauf.} ({Auch} 19... c5 $6 {vermag die Linien
nicht geschlossen zu halten, z.B.} 20. a5 Qd6 (20... cxd4 21. b6 $40) 21. b6 a6
22. Bxa6 $40) 20. bxc6 Qxc6 21. Rb5 b6 22. Rab1 $6 (22. a5 $142) 22... Rg6 23.
Rc5 $1 {[%mdl 192] Zak öffnet sich mit diesem vorübergehenden Turmopfer
Zugstraßen zum schwarzen König und beschwört große Komplikationen herauf, die
am Brett (und in der Analyse) nur schwer zu durchdringen sind.} (23. a5 $2 {
ist zu langsam:} Bh3 24. Rxb6 axb6 25. Rxb6 Qxb6 26. axb6 Rxg2+ 27. Kh1 Rxh2+
28. Kxh2 Bxf1 $19) 23... bxc5 24. Ba6+ Kc7 25. Ba5+ Kd6 26. Bxd8 Bh3 (26...
Rxg2+ 27. Kh1 Rxc2 28. dxc5+ Qxc5 {kam ebenfalls in Betracht - und ist ähnlich
unübersichtlich...}) 27. d5 $2 (27. Rd1 $2 Rxg2+ 28. Kh1 Rxh2+ $19) (27. Qc1 $2
Rxg2+ 28. Kh1 Rd2 29. dxc5+ Ke5 30. Qe1+ (30. Qxd2 Qxf3+ 31. Kg1 Qg4+ 32. Kf2
Qg2+ 33. Ke3 (33. Ke1 Qg1+ 34. Bf1 Qxf1#) 33... Nd5+ $19) 30... Kf5 31. Bd3+
Nxd3 32. Qe4+ Qxe4 33. fxe4+ Kxe4 34. cxd3+ Kxd3 $17) ({Nach} 27. Qe1 $1 {
habe ich keinen Gewinn nachweisen können auch wenn der schwarze Angriff
natürlich gefährlich aussieht. Doch steht auch sein König auf d6 alles andere
als sicher:} Rxg2+ (27... f6 28. Rb7 Qd5 29. Be7+ (29. Bc7+ $2 Kc6 30. Bxf4
Qxd4+ 31. Be3 Rxg2+ 32. Kh1 Qe5 33. f4 Qd5 $19) 29... Kc6 30. Rc7+ Kxc7 31.
Qa5+ Kb8 32. Qb5+ Kc7 33. Qa5+ $11) 28. Kh1 cxd4 (28... Rxc2 $2 29. Qe5+ Kd7
30. Qxf4 $18) (28... Rg4 $2 29. dxc5+ Kd7 30. Qd2+ Ke8 31. Bb5 $18) 29. Qb4+
Ke5 30. Qe1+ Kf5 31. Bb7 Rxh2+ 32. Kg1 (32. Kxh2 $2 Qxc2+ $19) 32... Rg2+ 33.
Kh1 $11) 27... Bxg2 (27... Bxg2 28. dxc6 Nh3#) 0-1